Songs from the First Line(s) - 1982 - Statistics

General Stats
  • This quiz has been taken 150 times
  • The average score is 13 of 30
Answer Stats
Hint Answer % Correct
Songs Rising up, back on the street / Did my time, took my chances / Went the distance, now I'm back on my feet / Just a man and his will to survive Song Eye Of The Tiger
93%
Songs Come on Eileen / Come on Eileen / Poor old Johnnie Ray / Sounded sad upon the radio Song Come On Eileen
92%
Songs Rising up, back on the street / Did my time, took my chances / Went the distance, now I'm back on my feet / Just a man and his will to survive Artist(s) Survivor
84%
Songs Ebony and ivory / Live together in perfect harmony / Side by side on my piano keyboard / Oh Lord, why don't we? Song Ebony And Ivory
83%
Songs Ebony and ivory / Live together in perfect harmony / Side by side on my piano keyboard / Oh Lord, why don't we? Artist(s) Paul McCartney / Stevie Wonder
78%
Songs Come on Eileen / Come on Eileen / Poor old Johnnie Ray / Sounded sad upon the radio Artist(s) Dexys Midnight Runners
74%
Songs I hear the drums echoing tonight / But she hears only whispers of some quiet conversation / She's coming in twelve-thirty flight Song Africa
73%
Songs I hear the drums echoing tonight / But she hears only whispers of some quiet conversation / She's coming in twelve-thirty flight Artist(s) Toto
72%
Songs Come they told me pa-rum-pum-pum-pum / A new-born king to see pa-rum-pum-pum-pum / Our finest gifts we bring pa-rum-pum-pum-pum Song Peace on Earth / Little Drummer Boy
66%
Songs Every night she walks right in my dreams / Since I met her from the start / I'm so proud I am the only one Artist(s) Michael Jackson / Paul McCartney
58%
Songs Father wears his Sunday best / Mother's tired she needs a rest / The kids are playing up downstairs / Sister's sighing in her sleep Song Our House
53%
Songs Father wears his Sunday best / Mother's tired she needs a rest / The kids are playing up downstairs / Sister's sighing in her sleep Artist(s) Madness
47%
Songs All around me are familiar faces / Worn out places / Worn out faces / Bright and early for their daily races / Going nowhere Song Mad World
46%
Songs I heat up, I can't cool down / You got me spinnin' / 'Round and 'round / 'Round and 'round and 'round it goes Song Abracadabra
43%
Songs Just like the white-winged dove / Sings a song / Sounds like she's singin' / Whoo-whoo-whoo / Just like the white-winged dove Artist(s) Stevie Nicks
40%
Songs Come they told me pa-rum-pum-pum-pum / A new-born king to see pa-rum-pum-pum-pum / Our finest gifts we bring pa-rum-pum-pum-pum Artist(s) David Bowie / Bing Crosby
39%
Songs I heat up, I can't cool down / You got me spinnin' / 'Round and 'round / 'Round and 'round and 'round it goes Artist(s) The Steve Miller Band
35%
Songs Just like the white-winged dove / Sings a song / Sounds like she's singin' / Whoo-whoo-whoo / Just like the white-winged dove Song Edge Of Seventeen
34%
Songs All around me are familiar faces / Worn out places / Worn out faces / Bright and early for their daily races / Going nowhere Artist(s) Tears For Fears
31%
Songs Dark in the city, night is a wire / Steam in the subway, earth is afire / Do do do do do do do dodo dododo dodo Artist(s) Duran Duran
27%
Songs Dark in the city, night is a wire / Steam in the subway, earth is afire / Do do do do do do do dodo dododo dodo Song Hungry Like The Wolf
25%
Songs Every night she walks right in my dreams / Since I met her from the start / I'm so proud I am the only one Song The Girl Is Mine
24%
Songs When I was a young boy / Said put away those young boy ways / Now that I'm gettin' older / So much older Artist(s) John Cougar
22%
Songs When I was a young boy / Said put away those young boy ways / Now that I'm gettin' older / So much older Song Hurts So Good
21%
Songs Give me time to realize my crime / Let me love and steal / I have danced inside your eyes / How can I be real Artist(s) Culture Club
20%
Songs Give me time to realize my crime / Let me love and steal / I have danced inside your eyes / How can I be real Song Do You Really Want To Hurt Me?
16%
Songs Came in from the city / Walked into the door / I turned around when I heard / The sound of footsteps on the floor Song Don't Go
12%
Songs Came in from the city / Walked into the door / I turned around when I heard / The sound of footsteps on the floor Artist(s) Yazoo
12%
Songs I got to say it and it's hard for me / You got me crying like I thought I would never be / Love is believing, but you let me down Artist(s) Dionne Warwick
5%
Songs I got to say it and it's hard for me / You got me crying like I thought I would never be / Love is believing, but you let me down Song Heartbreaker
5%
No matching quizzes found
Score Distribution
Percent of People with Each Score
Percentile by Number Answered
Your Score History
You have not taken this quiz